Caps, hats, socks, and mittens / (Record no. 4867)

MARC details
000 -LEADER
fixed length control field 00918nam a22003017a 4500
001 - CONTROL NUMBER
control field 4867
003 - CONTROL NUMBER IDENTIFIER
control field FISKH
005 - DATE AND TIME OF LATEST TRANSACTION
control field 20241021155040.0
008 - FIXED-LENGTH DATA ELEMENTS--GENERAL INFORMATION
fixed length control field 241021b cb ||||| |||| 00| 0 eng d
020 ## - INTERNATIONAL STANDARD BOOK NUMBER
International Standard Book Number 9780590448727
040 ## - CATALOGING SOURCE
Original cataloging agency FISKH
Language of cataloging eng
Transcribing agency FISKH
Modifying agency FISKH
050 ## - LIBRARY OF CONGRESS CALL NUMBER
Classification number PZ7.B64827
082 ## - DEWEY DECIMAL CLASSIFICATION NUMBER
Classification number 525
100 ## - MAIN ENTRY--PERSONAL NAME
Personal name Borden, Louise
Dates associated with a name (1949-)
245 ## - TITLE STATEMENT
Title Caps, hats, socks, and mittens /
Statement of responsibility, etc. A Book About the Four Seasons by Louise Borden illustrated by Lillian Hoban
250 ## - EDITION STATEMENT
Edition statement 1989
260 ## - PUBLICATION, DISTRIBUTION, ETC.
Place of publication, distribution, etc. New York :
Name of publisher, distributor, etc. Scholastic,
Date of publication, distribution, etc. 1989.
300 ## - PHYSICAL DESCRIPTION
Extent 29 pages :
Other physical details Color illustrations ;
Dimensions 23 cm.
505 ## - FORMATTED CONTENTS NOTE
Formatted contents note G<br/>
520 ## - SUMMARY, ETC.
Summary, etc. Simple text and illustrations describe some of the pleasures of each season.
521 8# - TARGET AUDIENCE NOTE
Target audience note 380L<br/><br/>
Source Lexile<br/>
521 8# - TARGET AUDIENCE NOTE
Target audience note G<br/>
Source Raz-Plus<br/>
650 ## - SUBJECT ADDED ENTRY--TOPICAL TERM
Source of heading or term Summer
Topical term or geographic name entry element Weather
650 ## - SUBJECT ADDED ENTRY--TOPICAL TERM
Source of heading or term Winter
Topical term or geographic name entry element Clothing
700 ## - ADDED ENTRY--PERSONAL NAME
Personal name Hoban, Lillian
Dates associated with a name Illustrator
942 ## - ADDED ENTRY ELEMENTS (KOHA)
Source of classification or shelving scheme Dewey Decimal Classification
Koha item type Books
Suppress in OPAC No
Holdings
Withdrawn status Lost status Source of classification or shelving scheme Damaged status Not for loan Collection Home library Current library Shelving location Date acquired Total Checkouts Full call number Barcode Date last seen Copy number Price effective from Koha item type
    Dewey Decimal Classification     Fiction Footprints International School Library Network Toul Kork Campus Footprints International School Library Network Toul Kork Campus TK Primary Library Room(4th Floor), Bookcase 1&2, Shelves 1-16, Dark Blue Books 10/21/2024   BOR 525 PZ7.B64827 2024-2181 10/21/2024 1 10/21/2024 Books
    Dewey Decimal Classification     Fiction Footprints International School Library Network Toul Kork Campus Footprints International School Library Network Toul Kork Campus TK Primary Library Room(4th Floor), Bookcase 1&2, Shelves 1-16, Dark Blue Books 12/09/2024   BOR 525 PZ7.B64827 2024-2423 09/04/2025 2 12/09/2024 Books